The write prescription : (Record no. 75616)

MARC details
000 -LEADER
campo de control de longitud fija 02894cam a2200385 i 4500
003 - IDENTIFICADOR DE NÚMERO DE CONTROL
campo de control BJBSDDR
005 - FECHA Y HORA DE LA ÚLTIMA TRANSACCIÓN
campo de control 20230410130528.0
007 - CAMPO FIJO DE DESCRIPCIÓN FÍSICA--INFORMACIÓN GENERAL
campo de control de longitud fija ta
008 - DATOS DE LONGITUD FIJA--INFORMACIÓN GENERAL
campo de control de longitud fija 171002s2015 nyu 000 0 eng d
020 ## - NÚMERO INTERNACIONAL ESTÁNDAR DEL LIBRO
Número Internacional Estándar del Libro 9781941729038
020 ## - NÚMERO INTERNACIONAL ESTÁNDAR DEL LIBRO
Número Internacional Estándar del Libro 1941729037
020 ## - NÚMERO INTERNACIONAL ESTÁNDAR DEL LIBRO
Número Internacional Estándar del Libro 9781941729052
020 ## - NÚMERO INTERNACIONAL ESTÁNDAR DEL LIBRO
Número Internacional Estándar del Libro 1941729053
040 ## - FUENTE DE CATALOGACIÓN
Lengua de catalogación spa
Centro/agencia transcriptor BJBSDDR
041 ## - CÓDIGO DE IDIOMA
Código de lengua del texto/banda sonora o título independiente eng
050 14 - SIGNATURA TOPOGRÁFICA DE LA BIBLIOTECA DEL CONGRESO
Número de clasificación PN 145
Número de ítem H243w 2015
082 00 - NÚMERO DE LA CLASIFICACIÓN DECIMAL DEWEY
Número de clasificación 808.06692
100 1# - ENTRADA PRINCIPAL--NOMBRE DE PERSONA
Nombre de persona Hannan, Judith,
Fechas asociadas al nombre 1953-
245 14 - MENCIÓN DEL TÍTULO
Título The write prescription :
Resto del título telling your story to live with and beyond illness /
Mención de responsabilidad, etc. Judith Hannan ; Foreword by Charles Barber.
260 ## - PUBLICACIÓN, DISTRIBUCIÓN, ETC.
Lugar de publicación, distribución, etc. New York :
Nombre del editor, distribuidor, etc. Archer/Rare Bird,
Fecha de publicación, distribución, etc. c2015
300 ## - DESCRIPCIÓN FÍSICA
Extensión xiii, 222 p. ;
Dimensiones 22 cm
500 ## - NOTA GENERAL
Nota general First trade paperback original edition
505 0# - NOTA DE CONTENIDO CON FORMATO
Nota de contenido con formato Introduction; How To Use This Book; Part I; Getting Started; Just Show Up; Your Assignment; Getting Here; Free Association; Making Metaphor; The Five Senses; Look Closely; Listen Closely: A Warm-Up For Your Ears; Change Your Seat; List Making; Text, Tweet, Haiku; In the Image of a Person; If You Were the Weather; This Is How It's Done; A Hand Portrait; Part II; Parting the Curtains, Setting the Scenes; When You Found Out; Waiting; Why or Why Not; Naming an Illness; Writing It Raw; Domes of Words; Where Do I Stand By the Bed; I Should Have Said & I Remember, I Remember NotTravelogue of Illness; We Are Family; The Third Thing; Cast of Characters; What Friends Are For; They Said What?; Sense and Sensuality; I Know; Retreats and Rituals of Comfort; Sacred Time and Spaces; Animal Therapy; Greedy Hearts; What Now; The Phantom Road; Part III; Inside the System; The Good Doctor; The Good Patient; Healing Hands; Bits and Bytes; The Fourth Amendment; Medicine as a Second Language; Define Dignity; Tell Me Where It Hurts; The Ideal Hospital Room; Insurance; Appendices; Quick Prompts; An Ending and a Beginning: Where Are You Now? After the First DraftTime is Distance; What's It About?; Read Aloud; Tighten, Tighten, Tighten; Use Action Words; Show Don't Tell; Be Specific; Time Is Distance (Part II); Other Readers; Bibliography; Acknowledgments.
520 ## - RESUMEN, ETC.
Sumario, etc. A hands-on, hearts-on guide to writing about illness. Using intimate prompts and personal stories, Judith Hannan takes the reader and emerging-writer on a journey through what it means to reckon with illness. Having gone through her daughter's cancer diagnosis and treatments, Hannan is an experienced, thoughtful, and caring guide for anyone wanting to find a way through the labyrinth of the illness experience.
650 #0 - PUNTO DE ACCESO ADICIONAL DE MATERIA--TÉRMINO DE MATERIA
Término de materia o nombre geográfico como elemento de entrada Autobiography
Subdivisión general Authorship.
650 #0 - PUNTO DE ACCESO ADICIONAL DE MATERIA--TÉRMINO DE MATERIA
Término de materia o nombre geográfico como elemento de entrada Authorship
Subdivisión general Technique.
650 #0 - PUNTO DE ACCESO ADICIONAL DE MATERIA--TÉRMINO DE MATERIA
Término de materia o nombre geográfico como elemento de entrada Diseases in literature.
650 #0 - PUNTO DE ACCESO ADICIONAL DE MATERIA--TÉRMINO DE MATERIA
Término de materia o nombre geográfico como elemento de entrada Narrative therapy.
650 #4 - PUNTO DE ACCESO ADICIONAL DE MATERIA--TÉRMINO DE MATERIA
Término de materia o nombre geográfico como elemento de entrada Autobiografía
Subdivisión general Técnicas
9 (RLIN) 6685
650 #4 - PUNTO DE ACCESO ADICIONAL DE MATERIA--TÉRMINO DE MATERIA
Término de materia o nombre geográfico como elemento de entrada Arte de escribir.
9 (RLIN) 926
650 #4 - PUNTO DE ACCESO ADICIONAL DE MATERIA--TÉRMINO DE MATERIA
Término de materia o nombre geográfico como elemento de entrada Terapia narrativa
9 (RLIN) 12588
650 #4 - PUNTO DE ACCESO ADICIONAL DE MATERIA--TÉRMINO DE MATERIA
Término de materia o nombre geográfico como elemento de entrada Autoría
Subdivisión general Técnicas.
9 (RLIN) 925
942 ## - ELEMENTOS DE ENTRADA SECUNDARIOS (KOHA)
Fuente del sistema de clasificación o colocación Clasificación de Library of Congress
Tipo de ítem Koha Libro
946 ## - PROCESAMIENTO DE INFORMACIÓN LOCAL (OCLC)
a dpf
Holdings
Estatus retirado Estado de pérdida Estado de daño No para préstamo Colección Biblioteca de origen Biblioteca actual Ubicación en estantería Fecha de adquisición Signatura topográfica completa Código de barras Visto por última vez Copia número Tipo de ítem Koha
        Humanidades Biblioteca Juan Bosch Biblioteca Juan Bosch Humanidades (4to. Piso) 10/04/2023 PN 145 H243w 2015 00000119843 25/10/2018 1 Libro